LEADER 01139cam0 2200253 450 001 E600200024895 005 20200727071859.0 100 $a20070201d1966 |||||ita|0103 ba 101 $aita 102 $aIT 200 1 $aProblematica strutturale dei contratti agrari nella esperienza giuridica dell'alto medioevo italiano$fPaolo Grossi 210 $aSpoleto$c[Centro italiano di studi sull'alto medioevo]$d1966 215 $a43 p.$d20 cm 300 $aEstratto da: Agricoltura e mondo rurale in Occidente nell'alto medioevo, Spoleto, 22-28 aprile 1965, in Settimane di studio del Centro italiano di studi sull'alto medioevo, 13. (1965) 700 1$aGrossi$b, Paolo <1933->$3AF00004211$4070$0145058 801 0$aIT$bUNISOB$c20200727$gRICA 850 $aUNISOB 852 $aUNISOB$j900$m58963 912 $aE600200024895 940 $aM 102 Monografia moderna SBN 941 $aM 957 $a900$b001857$gSi$d58963$racquisto$1pregresso2$2UNISOB$3UNISOB$420070201085437.0$520200727071859.0$6rovito 996 $aProblematica strutturale dei contratti agrari nella esperienza giuridica dell'alto medioevo italiano$91687448 997 $aUNISOB LEADER 01395nam0 22003251i 450 001 UON00080415 005 20231205102426.817 010 $a38-964504-9-2 100 $a20020107d1997 |0itac50 ba 101 $aeng 102 $aDE 105 $a|||| ||||| 200 1 $aˆ"‰When war came the cattle slept..."$eHimba oral tradition$fcollected and translated by Michael Bollig in collaboration with Tjakazapi Janson Mbunguha 210 $aKoln$cKoppe$dc1997 215 $a337 p.$d23 cm 410 1$1001UON00067500$12001 $aHistory, cultural traditions and innovations in Southern Africa$fEditors: Michael Bollig and Wilhelm J.G. Mohlig$v1 606 $aSTORIOGRAFIA AFRICANA$3UONC019538$2FI 606 $aTradizione orale$xAfrica$3UONC020131$2FI 620 $aDE$dKöln$3UONL005641 676 $a907.2$cStoriografia$v21 676 $a860.3$cLetteratura spagnola. Età aurea, 1516-1699$v21 702 1$aBollig$bMichael$3UONV044619 702 0$aTJAKAZAPI Janson Mbunguha$3UONV052865 712 $aKöppe$3UONV256802$4650 801 $aIT$bSOL$c20250711$gRICA 899 $aSIBA - SISTEMA BIBLIOTECARIO DI ATENEO$2UONSI 912 $aUON00080415 950 $aSIBA - SISTEMA BIBLIOTECARIO DI ATENEO$dSI ST 258 $eSI AA 20543 5 258 996 $aWhen war came the cattle slept..."$91301561 997 $aUNIOR